00450 a2200169 450000100060000002000180000604000240002410000220004824000200007024500150009030000070010536200090011265000310012194200070015295201040015999900170026348216 a9788599993750 cAnchieta - Aquarius aHora, Daniela da.10aTerra azullpor10aTerra azul a320 a2017 4aLiteratura infanto-juvenil cBK 00104070a87.1b87.1d2023-11-21l0o028.5 HOR TERp7492/AQUr2023-11-21 15:15:09w2023-11-21yBK c48216d48216